Stimuljacija obrazovanija ascitnych opucholej posle dliteľnogo primenenija interferona u myšej NZB/W ; L. Borecký, V. Lackovič, F. Čiampor, J. Rovenský, V. Ujházy, J. Švec, A. M. Poverennyj, J. Matouška

Bibliographic Details
Main Authors: Borecký, Ladislav, 1924-2008 (Author), Lackovič, V. (Author), Čiampor, Fedor, 1942-2024 (Author), Rovenský, Jozef, 1943-2024 (Author), Ujházy, Viliam, 1926-2023 (Author), Švec, J. (Author), Poverennyj, A. M. (Author), Matouška, J. (Author)
Format: Article
Language:Russian
PhysicalDescription:Obr. 6. Tb. 4.
Subjects:

MARC

LEADER 00000nab a2200000 a 4500
001 vtls000118401
003 SK-MaSNL
005 20260318124940.0
008 140430c1981 xo 0 rus
015 |a SNBRB19rr/mm-uuuuu 
035 |a CL0128506 
040 |a SNKBUCL  |b slo  |c SNKBUCL  |e AACR2 
041 0 |a rus 
044 |a xo  |c SK 
080 |a 576  |2 1981 
080 |a 577  |2 1981 
080 |a 616-006  |2 1981 
245 0 0 |a Stimuljacija obrazovanija ascitnych opucholej posle dliteľnogo primenenija interferona u myšej NZB/W ; L. Borecký, V. Lackovič, F. Čiampor, J. Rovenský, V. Ujházy, J. Švec, A. M. Poverennyj, J. Matouška 
300 |b Obr. 6. Tb. 4. 
650 0 7 |a interferóny  |2 snkbucl  |9 20693 
655 7 |a články z novín a časopisov  |2 snkbucl  |9 267496 
700 1 |a Borecký, Ladislav,  |d 1924-2008  |4 aut  |9 38214 
700 1 |a Lackovič, V.  |4 aut  |9 948598 
700 1 |a Čiampor, Fedor,  |d 1942-2024  |4 aut  |9 102846 
700 1 |a Rovenský, Jozef,  |d 1943-2024  |4 aut  |9 189097 
700 1 |a Ujházy, Viliam,  |d 1926-2023  |4 aut  |9 39636 
700 1 |a Švec, J.  |4 aut  |9 307629 
700 1 |a Poverennyj, A. M.  |4 aut  |9 936684 
700 1 |a Matouška, J.  |4 aut  |9 1298595 
773 0 |t Acta virologica  |g Roč. 25, č. 5 (1981), s. 283-294 
850 |a Slovenská národná knižnica v Martine  |a MTA001 
852 |a SNK  |b KIS3GCP 
958 |a RK 
992 |a RBX 
999 |c 2601259  |d 2603189